00649nam a2200229Ia 4500003000900000008004100009040001300050040001300063041000800076100002000084245003000104250001200134260001400146260000900160300001100169300001200180490001700192490000600209942000700215999001700222952018000239IT-RoPAU120407s9999 xx 000 0 und d aIT-RoPAU cIT-RoPAU aita aGeorges Simenon aUna confidenza di Maigret aMilano  aMondadori c1982 a167 p. c18,5 cm aOscar gialli v1 cBK c26859d26859 00102ddc406840_20000000000000071aPAULUSbPAULUSd2012-04-11l0o840.2r2012-04-11 00:00:00w2012-04-11yBKzInserito da: In data: n.d. fondo: Via A.Severo 56 Progr:36129